Los fuegos invisibles / (Record no. 181912)
[ view plain ]
| 000 -LEADER | |
|---|---|
| campo de control de longitud fija | 00659nam a2200193 i 4500 |
| 001 - NÚMERO DE CONTROL | |
| campo de control | 181912 |
| 003 - IDENTIFICADOR DE NÚMERO DE CONTROL | |
| campo de control | ES-MaACL |
| 005 - FECHA Y HORA DE LA ÚLTIMA TRANSACCIÓN | |
| campo de control | 20231019183527.0 |
| 008 - DATOS DE LONGITUD FIJA--INFORMACIÓN GENERAL | |
| campo de control de longitud fija | 130506s2004 sp |||| | spa d |
| 080 ## - NÚMERO DE LA CLASIFICACIÓN DECIMAL UNIVERSAL | |
| Número de la Clasificación Decimal Universal | 821.134.2-14"19" |
| 100 1# - ENTRADA PRINCIPAL--NOMBRE DE PERSONA | |
| Nombre de persona | Marín Solís, J. Luis. |
| 9 (RLIN) | 152706 |
| 245 14 - MENCIÓN DEL TÍTULO | |
| Título | Los fuegos invisibles / |
| Mención de responsabilidad, etc. | [J. Luis Marín Solís]. |
| 260 ## - PUBLICACIÓN, DISTRIBUCIÓN, ETC. | |
| Lugar de publicación, distribución, etc. | [S.l. : |
| Nombre del editor, distribuidor, etc. | s.n., |
| Fecha de publicación, distribución, etc. | 2004?] |
| 300 ## - DESCRIPCIÓN FÍSICA | |
| Extensión | XXXV h. ; |
| Dimensiones | 20 cm. |
| 852 ## - LOCALIZACIÓN | |
| Ubicación | ES-MaACL |
| Número de control de estantería | A-12620 |
| itemnumber | 188820 |
| Sublocalización o colección | R.148870 |
| Ubicación en estantería | Depósito 1 |
| Signatura antigua | Olim: N-5623 |
| Encuadernación | Donación: J. Luis Marín Solís |
| Nota libre | Dedicatoria autógrafa del autor |
| 903 ## - NOMBRE PERSONAL DE DONANTE | |
| 9 | 152706 |
| a | Marín Solís, J. Luis |
| e | Donante |
| 942 ## - ELEMENTOS DE ENTRADA SECUNDARIOS (KOHA) | |
| Fuente del sistema de clasificación o colocación | Clasificación decimal universal |
| Tipo de ítem Koha | Libro impreso |
| Estatus retirado | Estado de pérdida | Fuente del sistema de clasificación o colocación | Estado de daño | No para préstamo | Colección | Biblioteca de origen | Biblioteca actual | Ubicación en estantería | Fecha de adquisición | Fuente de adquisición | Total de préstamos | Signatura topográfica completa | Código de barras | Visto por última vez | Precio de reemplazo | Tipo de ítem Koha | Nota pública |
|---|---|---|---|---|---|---|---|---|---|---|---|---|---|---|---|---|---|
| Clasificación decimal universal | Libros con dedicatorias | Biblioteca del Ateneo de Madrid | Biblioteca del Ateneo de Madrid | Depósito 1 | 06/05/2013 | Donación | A-12623 | 1191170 | 23/02/2023 | 23/02/2023 | Libro impreso | Dedicatoria autógrafa del autor |
